[Event "Match"]
[Site "www.echecsemail.com"]
[Date "2015.07.20"]
[Round "1"]
[White "Jpjohnston"]
[Black "Menace"]
[WhiteElo "1900"]
[BlackElo "2270"]
[Result "0-1"]
[Round "1"]
1.g3 c6
2.Bf1g2 d5
3.d4 Ng8f6
4.Bc1g5 Bc8f5
5.Bg5xf6 exf6
6.Ng1f3 Bf8d6
7.O-O O-O
8.Nf3h4 Bf5e6
9.c3 Nb8d7
10.e4 dxe4
11.Bg2xe4 Bd6e7
12.Nb1d2 Be6h3
13.Be4g2 Bh3xg2
14.Kxg2 c5
15.Qd1h5 cxd4
16.cxd4 Qd8b6
17.Nh4f5 Be7b4
18.Nd2c4 Qb6c6
19.Qh5f3 Qc6xc4
20.Qf3xb7 Nd7b6
21.b3 Qc4d3
22.Qb7f3 Qd3xf3
23.Kxf3 Nb6d5
24.a3 Nd5e7
25.Nf5e3 Bb4d2
26.Ne3c4 Bd2h6
27.Rf1e1 Ne7f5
28.Ra1d1 Rf8e8
29.Re1xe8 Ra8xe8
30.d5 Re8d8
31.d6 g6
32.d7 Bh6f8
33.g4 Nf5d6
34.Nc4e3 Rd8xd7
35.Ne3d5 Nd6e8
36.b4 Kg7
37.Ke4 Ne8c7
38.Nd5e3 Rd7xd1
39.Ne3xd1 Kh6
40.h4 Bf8e7
41.f4 f5
42.Kf3 Be7xh4
43.g5 Kh5
44.Nd1e3 f6
45.gxf6 Bh4xf6
46.Ne3g2 Nc7d5
47.Kg3 Bf6b2
48.a4 Nd5xb4
49.Ng2h4 Bb2c1
50.Nh4g2 Nb4d5
51.a5 a6
52.Kf3 Bc1d2
53.Kg3 Bd2xa5
54.Kh3 Ba5d2
55.Kg3 a5
{ resign }
0-1

[Event "Match"]
[Site "www.echecsemail.com"]
[Date "2015.07.20"]
[Round "1"]
[White "Matuisgman"]
[Black "Knitwit"]
[WhiteElo "1409"]
[BlackElo "1249"]
[Result "1-0"]
[Round "1"]
1.d4 d5
2.e3 Bc8f5
3.Bf1b5 Nb8d7
4.f3 a6
5.e4 Bf5e6
6.Bb5d3 Ng8f6
7.e5 Nf6h5
8.g4 g6
9.gxh5 gxh5
10.Bc1d2 Bf8g7
11.Bd2b4 O-O
12.Ng1h3 Be6xh3
13.Bd3f1 Bh3xf1
14.Kxf1 c6
15.f4 Qd8b6
16.Qd1xh5 Ra8a7
17.Bb4c3 Qb6b5
18.Ke1 h6
19.Nb1a3 Qb5a4
20.b3 Qa4xa3
21.Rh1g1 Nd7b6
22.f5 f6
23.Rg1xg7 Kxg7
24.Qh5g4 Kf7
25.exf6 Kxf6
26.Qg4g6 
1-0

[Event "Match"]
[Site "www.echecsemail.com"]
[Date "2015.07.20"]
[Round "1"]
[White "Jafarhayder"]
[Black "Micheles"]
[WhiteElo "1250"]
[BlackElo "2570"]
[Result "0-1"]
[Round "1"]
1.d4 Ng8f6
2.c4 g6
3.Nb1c3 d5
4.cxd5 Nf6xd5
5.e4 Nd5xc3
6.bxc3 Bf8g7
7.Bf1c4 c5
8.Bc1e3 Nb8c6
9.Ng1e2 O-O
10.O-O Qd8c7
11.Ra1b1 Rf8d8
12.Bc4d5 e6
13.Bd5xc6 Qc7xc6
14.f3 b6
15.Qd1b3 Bc8a6
16.Rf1e1 Ba6xe2
17.Re1xe2 cxd4
18.cxd4 Bg7xd4
19.Be3xd4 Rd8xd4
20.Re2c2 Qc6d6
21.Rb1c1 Ra8d8
22.Qb3c3 b5
 { time }
0-1

[Event "Match"]
[Site "www.echecsemail.com"]
[Date "2015.07.20"]
[Round "1"]
[White "Azorau"]
[Black "Alanocturna"]
[WhiteElo "1579"]
[BlackElo "1690"]
[Result "1-0"]
[Round "1"]
1.e4 g6
2.Ng1f3 Bf8g7
3.Bf1c4 Nb8c6
4.Nf3g5 e6
5.d3 Ng8e7
6.Qd1f3 O-O
7.Qf3h3 h6
8.Ng5f3 d5
9.g3 dxc4
10.Bc1xh6 e5
11.Qh3h4  { time }
1-0

[Event "Match"]
[Site "www.echecsemail.com"]
[Date "2015.07.20"]
[Round "1"]
[White "Ericleo1980"]
[Black "Pariolinius"]
[WhiteElo "1809"]
[BlackElo "1790"]
[Result "1-0"]
[Round "1"]
1.e4 c5
2.Ng1f3 Nb8c6
3.d4 cxd4
4.Nf3xd4 e5
5.Nd4b5 Ng8f6
6.Nb1c3 Bf8e7
7.Nb5d6 Be7xd6
8.Qd1xd6 Qd8e7
9.Qd6d1 O-O
10.Bc1g5 d6
11.Nc3d5 Qe7d8
12.c3 Bc8g4
13.Bg5xf6 { resign }
1-0

[Event "Match"]
[Site "www.echecsemail.com"]
[Date "2015.07.20"]
[Round "1"]
[White "Cardiff"]
[Black "Andradamaria"]
[WhiteElo "1980"]
[BlackElo "2119"]
[Result "1/2-1/2"]
[Round "1"]
1.d4 Ng8f6
2.c4 g6
3.b3 Bf8g7
4.Bc1b2 O-O
5.Ng1f3 d6
6.g3 Nb8d7
7.Bf1g2 c6
8.Nb1d2 Qd8c7
9.O-O e5
10.dxe5 Nd7xe5
11.Nf3xe5 dxe5
12.Nd2e4 Nf6xe4
13.Bg2xe4 Bc8h3
14.Be4g2 Ra8d8
15.Qd1c2 Bh3xg2
16.Kxg2 Qc7a5
17.Bb2c3 Qa5b6
18.Ra1d1 c5
19.Rd1xd8 Rf8xd8
20.Rf1d1 { draw }
1/2-1/2

[Event "Match"]
[Site "www.echecsemail.com"]
[Date "2015.07.20"]
[Round "1"]
[White "Jafarhayder"]
[Black "Gilliere"]
[WhiteElo "1250"]
[BlackElo "1800"]
[Result "0-1"]
[Round "1"]
1.d4 Ng8f6
2.c4 g6
3.Nb1c3 Bf8g7
4.e4 d6
5.Bc1g5 Nb8d7
6.Ng1f3 O-O
7.Bf1e2 b6
8.O-O h6
9.Bg5h4 g5
10.Bh4g3 Bc8b7
11.d5 Nd7c5
12.Ra1c1 Nf6xe4
13.Nc3xe4 Nc5xe4
14.b3 Ne4xg3
15.hxg3 f5
16.Rf1e1 f4
17.gxf4 Rf8xf4
18.Be2d3 Qd8f8
19.Rc1c2 c5
20.Rc2e2 Ra8e8
21.Bd3g6 Rf4f7
22.Bg6xf7 Qf8xf7
23.Qd1c1 Bg7f6
24.Qc1a3 a5
25.Qa3a4 Bf6c3
26.Re1d1 e5
27.Qa4a3 Bc3b4
28.Qa3c1 a4
29.Qc1c2 axb3
30.axb3 Bb7c8
31.Nf3h2 Bc8f5
32.Qc2c1 Re8a8
33.Qc1b2 Ra8a3
34.Rd1a1 Ra3xa1
35.Qb2xa1 Qf7b7
36.Nh2f1 Bf5d3
37.Re2a2 Bb4a5
38.Nf1e3 Kf7
39.Qa1d1 Bd3g6
40.Qd1f3 Kg7
41.Ne3f5 Bg6xf5
42.Qf3xf5 Qb7f7
43.Qf5xf7 Kxf7
44.Kh2 Kf6
45.g4 e4
46.Ra2e2 Ke5
47.f3 Kf4
48.fxe4 Kxg4
49.e5 dxe5
50.d6 Kf4
51.d7 b5
52.cxb5 Ba5d8
 { time }
0-1

[Event "Match"]
[Site "www.echecsemail.com"]
[Date "2015.07.20"]
[Round "1"]
[White "Pgcbies"]
[Black "Yussuf1000"]
[WhiteElo "2680"]
[BlackElo "2229"]
[Result "1-0"]
[Round "1"]
1.e4 c5
2.Ng1f3 Nb8c6
3.d4 cxd4
4.Nf3xd4 e5
5.Nd4b5 d6
6.Nb1c3 a6
7.Nb5a3 b5
8.Nc3d5 Nc6e7
9.c4 Ne7xd5
10.exd5 bxc4
11.Na3xc4 Ng8f6
12.Bc1e3 Ra8b8
13.a4 Bf8e7
14.Bf1e2 O-O
15.O-O Bc8b7
16.Nc4b6 Nf6d7
17.a5 f5
18.Ra1c1 Rf8f7
19.Qd1a4 Nd7xb6
20.Be3xb6 Qd8e8
21.Qa4b4 Rb8c8
22.Rc1c7 Rc8xc7
23.Bb6xc7 { resign }
1-0

[Event "Match"]
[Site "www.echecsemail.com"]
[Date "2015.07.20"]
[Round "1"]
[White "Andradamaria"]
[Black "Paco"]
[WhiteElo "2119"]
[BlackElo "1850"]
[Result "0-1"]
[Round "1"]
1.d4 d5
2.c4 dxc4
3.e3 Ng8f6
4.Bf1xc4 Bc8f5
5.Qd1b3 e6
6.Qb3xb7 Bf5e4
7.Qb7b5 Nf6d7
8.Ng1f3 Bf8d6
9.Qb5b3 O-O
10.Nb1c3 Be4xf3
11.gxf3 Qd8h4
12.f4 Nd7f6
13.Bc4e2 Nb8c6
14.Be2f3 Nc6b4
15.Qb3d1 Ra8d8
 { time }
0-1

[Event "Match"]
[Site "www.echecsemail.com"]
[Date "2015.07.20"]
[Round "1"]
[White "Pariolinius"]
[Black "Andradamaria"]
[WhiteElo "1850"]
[BlackElo "2119"]
[Result "1-0"]
[Round "1"]
1.d4 Ng8f6
2.Ng1f3 g6
3.c4 Bf8g7
4.Nb1c3 d5
5.c5 O-O
6.Bc1f4 c6
7.e3 Nb8d7
8.Bf1d3 Rf8e8
9.O-O Nf6h5
10.Bf4g5 h6
11.Bg5h4 Nh5f6
12.Qd1c2 b6
13.b4 a5
14.Qc2a4 Bc8a6
15.b5 cxb5
16.Nc3xb5 bxc5
17.Ra1c1 c4
18.Bd3c2 Ba6xb5
19.Qa4xb5 Ra8b8
20.Qb5a4 g5
21.Bh4g3 Rb8b4
22.Qa4a3 Qd8a8
23.Rc1b1 Re8b8
24.Bg3xb8 Nd7xb8
25.Rb1xb4 { resign }
1-0

[Event "Match"]
[Site "www.echecsemail.com"]
[Date "2015.07.20"]
[Round "1"]
[White "Fangshuo1"]
[Black "Pinehill"]
[WhiteElo "1499"]
[BlackElo "1820"]
[Result "0-1"]
[Round "1"]
1.e4 d5
2.exd5 Ng8f6
3.c4 e6
4.dxe6 Bc8xe6
5.d4 Bf8b4
6.Nb1c3 Qd8e7
7.Qd1e2 c6
8.c5 Nb8d7
9.Bc1d2 O-O-O
10.O-O-O Rh8e8
11.Kb1 Bb4xc3
12.Bd2xc3 Nf6d5
13.Ka1 Nd5xc3
14.bxc3 b5
15.cxb6 Nd7xb6
16.Qe2a6 Kb8
17.Ng1f3 Rd8d5
18.c4 Be6c8
19.Nf3e5 Rd5xe5
20.Qa6xc8 Re8xc8
21.dxe5 Qe7xe5
{ resign }
0-1

[Event "Match"]
[Site "www.echecsemail.com"]
[Date "2015.07.20"]
[Round "1"]
[White "Fkarpov"]
[Black "Generalfree"]
[WhiteElo "2000"]
[BlackElo "1900"]
[Result "1-0"]
[Round "1"]
1.e4 e5
2.Ng1f3 Nb8c6
3.Bf1b5 Ng8e7
4.Bb5xc6 Ne7xc6
5.O-O b6
6.d4 Nc6xd4
7.Nf3xe5 c5
8.c3 Nd4e6
9.Qd1d5 Ra8b8
10.f4 Bc8b7
11.Qd5d3 d6
12.Ne5g4 h5
13.Ng4e3 g6
14.f5 gxf5
15.exf5 Ne6c7
16.f6 Rh8g8
17.Qd3e2 Bb7a6
18.Ne3c4 Kd7
19.Qe2d3 b5
20.Nc4e5 Kc8
21.Qd3f5 Kb7
22.Rf1d1 h4
23.Ne5d7 d5
24.Nd7xb8 Qd8xb8
25.Bc1f4 Qb8e8
26.Bf4xc7 Qe8e3
27.Qf5f2 Qe3e4
28.Nb1d2 Qe4g6
29.Bc7e5 b4
30.c4 dxc4
31.Nd2f3 h3
32.Nf3h4 Qg6g5
33.Be5f4 Qg5xf6
34.Qf2f3 Kb6
35.Bf4c7 { resign }
1-0

[Event "Match"]
[Site "www.echecsemail.com"]
[Date "2015.07.20"]
[Round "1"]
[White "Reanna"]
[Black "Fred59"]
[WhiteElo "1590"]
[BlackElo "999"]
[Result "1-0"]
[Round "1"]
1.c4 e5
2.e4 Nb8c6
3.Bf1d3 Bf8c5
4.Ng1f3 d6
5.O-O Ng8e7
6.Nb1c3 Ne7g6
7.Nc3a4 Bc5d4
8.Nf3xd4 Nc6xd4
9.c5 Ng6f4
10.Bd3c4 Qd8g5
11.cxd6  { time }
1-0

[Event "Match"]
[Site "www.echecsemail.com"]
[Date "2015.07.20"]
[Round "1"]
[White "Drdoom"]
[Black "Coraza"]
[WhiteElo "1660"]
[BlackElo "1649"]
[Result "0-1"]
[Round "1"]
1.e4 e5
2.Ng1f3 Nb8c6
3.d4 Ng8f6
4.Nb1c3 Bf8b4
5.Bc1g5 h6
6.Bg5xf6 Qd8xf6
7.d5 Bb4xc3
8.bxc3 Nc6e7
9.c4 Qf6b6
10.Nf3xe5 d6
11.Ne5f3 Bc8g4
12.Bf1d3 Qb6a5
13.Kf1 Qa5c3
14.Ra1b1 Bg4xf3
15.gxf3 O-O-O
16.Kg2 Qc3f6
17.Rh1e1 Qf6g5
18.Kh1 Qg5h4
19.Re1f1 b6
20.a4 Kd7
21.c3 a5
22.Qd1e2 Qh4f6
23.Qe2c2 Qf6xf3
24.Kg1 Qf3g4
25.Kh1 Qg4f3
26.Kg1 Ne7g6
27.Bd3e2 Qf3h3
28.Qc2d1 Ng6e5
29.Kh1 h5
30.f4 Ne5g4
31.Be2xg4 hxg4
32.Rf1f2 g3
33.Rb1b2 gxf2
34.Rb2xf2 Rh8h4
35.Qd1f3 Qh3xf3
36.Rf2xf3 Rd8h8
37.Rf3f2 Rh4h3
{ resign }
0-1

[Event "Match"]
[Site "www.echecsemail.com"]
[Date "2015.07.20"]
[Round "1"]
[White "Andradamaria"]
[Black "Ditto"]
[WhiteElo "2119"]
[BlackElo "1800"]
[Result "0-1"]
[Round "1"]
1.d4 e6
2.e4 d5
3.Nb1d2 Bf8b4
4.c3 Bb4e7
5.Ng1e2 c5
6.e5 cxd4
7.cxd4 Nb8c6
8.Nd2f3 Be7b4
9.Bc1d2 Qd8e7
10.a3 Bb4xd2
11.Qd1xd2 Qe7c7
12.Ne2f4 Ng8e7
13.Bf1d3 Qc7b6
14.O-O Nc6xd4
15.Nf3xd4 Qb6xd4
16.Bd3b5 Bc8d7
17.Bb5xd7 Kxd7
18.Qd2xd4 Ne7c6
19.Qd4a4 Ra8b8
20.b4 a6
21.Rf1e1 Ke7
22.Ra1c1 h6
23.Rc1xc6 bxc6
 { time }
0-1

[Event "Match"]
[Site "www.echecsemail.com"]
[Date "2015.07.20"]
[Round "1"]
[White "Andradamaria"]
[Black "Castletyme"]
[WhiteElo "2119"]
[BlackElo "1830"]
[Result "1/2-1/2"]
[Round "1"]
1.d4 d5
2.c4 e6
3.Ng1f3 Nb8c6
4.Nb1c3 Ng8f6
5.e3 dxc4
6.Bf1xc4 Bf8b4
7.Qd1c2 Bb4xc3
8.bxc3 O-O
9.O-O Nc6e7
10.Bc4d3 Ne7g6
11.e4 Nf6d7
12.e5 { draw }
1/2-1/2

[Event "Match"]
[Site "www.echecsemail.com"]
[Date "2015.07.20"]
[Round "1"]
[White "F14"]
[Black "Mdesouza"]
[WhiteElo "1830"]
[BlackElo "2200"]
[Result "0-1"]
[Round "1"]
1.d4 Ng8f6
2.c4 g6
3.Nb1c3 Bf8g7
4.e4 d6
5.Ng1f3 e5
6.Bf1e2 O-O
7.O-O Nb8c6
8.Bc1g5 Bc8g4
9.d5 Nc6b8
10.Nf3d2 Bg4xe2
11.Qd1xe2 Nb8d7
12.Qe2e3 Nf6g4
13.Bg5xd8 Ng4xe3
14.fxe3 Rf8xd8
15.Nc3b5 Rd8c8
16.Rf1f2 a6
17.Nb5c3 Nd7c5
18.Ra1f1 Rc8f8
19.b3 Bg7h6
20.Rf2f3 Ra8e8
21.Nc3d1 Kg7
22.h4 f6
23.Kh1 b5
24.Nd1f2 Bh6xe3
25.Rf3xe3 f5
26.exf5 gxf5
27.Re3g3 Kh6
{ resign }
0-1

[Event "Match"]
[Site "www.echecsemail.com"]
[Date "2015.07.20"]
[Round "1"]
[White "Carlo"]
[Black "Pare123"]
[WhiteElo "1799"]
[BlackElo "2030"]
[Result "1-0"]
[Round "1"]
1.e4 c5
2.Ng1f3 Nb8c6
3.Bf1b5 Qd8b6
4.Nb1c3 a6
5.Bb5xc6 Qb6xc6
6.d4 e6
7.d5 Qc6b6
8.O-O Bf8e7
9.e5 d6
10.Rf1e1 dxe5
11.Nf3xe5 Ng8f6
12.Ne5c4 Qb6d8
13.d6 Be7f8
14.Bc1g5 h6
15.Bg5xf6 Qd8xf6
16.Nc4e5 Bc8d7
17.Ne5xd7 Kxd7
18.Nc3e4 Qf6f5
19.c4 Ra8c8
20.Qd1a4 Rc8c6
21.Ra1d1 e5
22.Ne4xc5 Kd8
23.Nc5xb7 Kd7
24.Nb7c5 { resign }
1-0

[Event "Match"]
[Site "www.echecsemail.com"]
[Date "2015.07.20"]
[Round "1"]
[White "Glenno"]
[Black "Colchester"]
[WhiteElo "2290"]
[BlackElo "2040"]
[Result "1-0"]
[Round "1"]
1.e4 e6
2.d4 d5
3.Nb1c3 Ng8f6
4.Bc1g5 dxe4
5.Nc3xe4 Bf8e7
6.Bg5xf6 Be7xf6
7.Ng1f3 Nb8d7
{ time. }
1-0

[Event "Match"]
[Site "www.echecsemail.com"]
[Date "2015.07.20"]
[Round "1"]
[White "Chapi"]
[Black "Ztornad"]
[WhiteElo "1980"]
[BlackElo "1740"]
[Result "1-0"]
[Round "1"]
1.d4 d5
2.c4 c5
3.Nb1c3 dxc4
4.Ng1f3 cxd4
5.Qd1xd4 Qd8xd4
6.Nf3xd4 Bc8d7
7.Nd4b5 Nb8a6
8.e3 Bd7xb5
9.Nc3xb5 Ra8c8
10.Bf1e2 Rc8c5
11.Nb5xa7 Na6b4
12.O-O Nb4c2
13.Ra1b1 e5
14.b3 Rc5a5
15.Na7c8 Ra5xa2
16.Be2xc4 Nc2a3
17.Bc1xa3 Ra2xa3
18.Rb1a1 Kd7
19.Ra1xa3 Bf8xa3
20.Rf1a1 Ba3b2
21.Ra1a8 h5
22.Bc4xf7 Kc7
23.Nc8e7 Rh8h6
24.Bf7xg8 Kd7
25.Ne7f5 Rh6c6
26.Bg8c4 Rc6c8
27.Ra8xc8 Kxc8
28.Nf5xg7 h4
29.Ng7f5 h3
30.g3 Kd7
31.Nf5g7 Ke7
32.Bc4f1 Kf6
33.Ng7e8 Ke7
34.Ne8g7 Kd6
35.Bf1xh3 b5
36.f4 exf4
37.exf4 Bb2xg7
38.Bh3f1 b4
39.f5 Ke5
40.g4 Bg7f6
41.Kg2 Kf4
42.h3 Kg5
43.Kg3 Bf6e5
44.Kf3 Kh4
45.Ke4 Be5c3
46.Kd5 Kg5
47.Ke6 Bc3d4
48.h4 Kxh4
49.f6 Kxg4
50.f7 Bd4c5
51.Kd7 Kf5
52.Ke8 Kf6
53.f8Q Bc5xf8
54.Kxf8 Ke6
55.Bf1c4 Kd6
56.Kf7 Kc6
57.Ke6 Kb6
58.Kd5 Ka5
59.Bc4d3 Kb6
60.Kc4 Ka5
61.Bd3e4 Kb6
62.Kxb4 Ka6
63.Kc5 Ka7
64.b4 Kb8
65.b5 Ka7
66.Kc6 Kb8
67.b6 Kc8
68.b7 Kb8
69.Be4d5 Ka7
70.Kc7 Ka6
71.b8Q Ka5
72.Kc6 Ka4
73.Kc5 Ka3
74.Qb8b3 
1-0

[Event "Match"]
[Site "www.echecsemail.com"]
[Date "2015.07.20"]
[Round "1"]
[White "Raulazo"]
[Black "Billyg"]
[WhiteElo "1589"]
[BlackElo "1620"]
[Result "1/2-1/2"]
[Round "1"]
1.e4 e6
2.Ng1f3 Qd8e7
3.Nb1c3 a6
4.d4 b6
5.e5 Bc8b7
6.Bf1e2 Nb8c6
7.Bc1g5 f6
8.Bg5h4 g5
9.Bh4g3 f5
10.Qd1d2 f4
11.Bg3xf4 gxf4
12.Qd2xf4 O-O-O
13.Nf3g5 Ng8h6
14.Ng5f3 Qe7b4
15.Ra1b1 d6
16.Qf4f6 Bf8g7
17.Qf6xg7 Nh6f5
18.Qg7f7 Nf5xd4
19.O-O Rd8f8
20.Qf7g7 Rf8g8
21.Qg7h6 Rg8g6
22.Qh6h5 Nd4xc2
23.a3 Qb4c5
24.Nc3e4 Qc5d5
25.Be2d3 Qd5xd3
26.Ne4g3 Nc2d4
27.Rb1d1 Qd3b5
28.b4 dxe5
29.Rf1e1 e4
30.Re1xe4 Qb5xh5
31.Ng3xh5 Nd4xf3
32.Kh1 Nf3g5
33.Re4c4 Nc6d8
34.Rd1c1 Nd8c6
35.Rc4xc6 Bb7xc6
36.Rc1xc6 Rh8d8
37.Rc6c1 Ng5e4
38.Kg1 e5
39.f3 Ne4d2
40.Kf2 e4
41.Nh5f4 Rg6d6
42.fxe4 Nd2xe4
43.Kf3 Ne4g5
44.Kg4 Rd8g8
45.Kh5 Ng5e6
46.Nf4e2 Rg8g5
47.Kh4 h6
48.g4 Ne6d4
49.Ne2c3 Nd4f3
50.Kg3 Rd6d3
51.Kf4 Nf3xh2
52.Nc3e4 Nh2xg4
53.Ne4xg5 hxg5
54.Kxg4 Rd3xa3
55.Kxg5 Ra3b3
56.Rc1c4 Rb3a3
57.Kf5 a5
58.Ke5 Ra3e3
59.Kd4 Re3b3
60.Kd5 Rb3xb4
61.Rc4c3 a4
62.Kc6 b5
63.Rc3f3 Rb4d4
64.Kxb5 Kb7
65.Rf3a3 c6
66.Kc5 Rd4e4
67.Ra3d3 Kc7
68.Rd3a3 Kb7
69.Ra3a2 Re4e3
70.Ra2xa4 Re3c3
{ draw }
1/2-1/2

[Event "Match"]
[Site "www.echecsemail.com"]
[Date "2015.07.20"]
[Round "1"]
[White "F14"]
[Black "Libiesse"]
[WhiteElo "1860"]
[BlackElo "2010"]
[Result "0-1"]
[Round "1"]
1.d4 d5
2.c4 e6
3.Nb1c3 Ng8f6
4.Ng1f3 Bf8e7
5.e3 O-O
6.cxd5 Nf6xd5
7.Bf1e2 Nd5xc3
8.bxc3 b6
9.O-O Bc8b7
10.Qd1c2 Nb8d7
11.e4 c5
12.Bc1e3 cxd4
13.cxd4 Nd7f6
14.d5 exd5
15.exd5 Nf6xd5
16.Rf1d1 Nd5xe3
17.fxe3 Qd8e8
18.Qc2c7 Bb7xf3
19.Be2xf3 Be7d8
20.Qc7f4 Bd8f6
21.Ra1c1 Ra8d8
22.Rd1xd8 Qe8xd8
23.h3 Rf8e8
24.Qf4a4 Qd8e7
25.e4 Bf6g5
26.Rc1d1 Bg5f4
27.Rd1d7 Qe7c5
28.Kf1 Bf4g3
29.Qa4d4 Qc5xd4
30.Rd7xd4 f5
31.Ke2 fxe4
32.Rd4xe4 Re8xe4
33.Bf3xe4 h6
34.Kf3 Bg3d6
35.a4 Kf7
36.g4 Ke6
37.Be4c6 Ke5
38.Ke3 Bd6c5
39.Kf3 Kd4
40.Kf4 a6
 { time }
0-1

[Event "Match"]
[Site "www.echecsemail.com"]
[Date "2015.07.20"]
[Round "1"]
[White "Chtoubidou"]
[Black "Calponas"]
[WhiteElo "1920"]
[BlackElo "2010"]
[Result "1/2-1/2"]
[Round "1"]
1.d4 d5
2.Ng1f3 Ng8f6
3.Bc1f4 Bc8f5
4.e3 e6
5.Bf1d3 Bf5g6
6.Nf3e5 Nb8d7
7.c3 c5
8.Nb1d2 cxd4
9.Ne5xg6 hxg6
10.exd4 Bf8e7
11.O-O Nf6h5
12.Bf4g3 Qd8b6
13.Qd1b3 O-O
14.Bd3e2 Nh5xg3
15.fxg3 Rf8c8
16.Qb3xb6 Nd7xb6
17.Ra1c1 Be7f6
18.b3 a5
19.Nd2f3 a4
20.c4 axb3
21.axb3 dxc4
22.bxc4 Ra8a2
23.Be2d3 Ra2a4
24.Rc1b1 Nb6xc4
25.Bd3xc4 Rc8xc4
26.Rb1xb7 Bf6xd4
27.Nf3xd4 Rc4xd4
28.Rf1xf7 Ra4a2
29.Rf7xg7 Kh8
30.Rg7h7 Kg8
31.h3 Rd4d1
32.Kh2 Rd1d2
33.Rh7g7 Kh8
34.Rg7h7 Kg8
35.Rh7g7 Kh8
{ draw }
1/2-1/2

[Event "Match"]
[Site "www.echecsemail.com"]
[Date "2015.07.20"]
[Round "1"]
[White "F14"]
[Black "Rob33"]
[WhiteElo "1860"]
[BlackElo "1890"]
[Result "1-0"]
[Round "1"]
1.e4 g6
2.d4 Bf8g7
3.Ng1f3 Ng8f6
4.Nb1c3 O-O
5.Bf1e2 d5
6.e5 Nf6e4
7.Nc3xe4 dxe4
8.Nf3g5 Nb8c6
9.Ng5xe4 Nc6xd4
10.f4 Qd8d5
11.Be2d3 Bc8f5
12.c4 Qd5c6
13.Ne4f2 Ra8d8
14.O-O Rd8d7
15.Bd3xf5 e6
16.Bf5d3 Rf8d8
17.Qd1g4 h5
18.Qg4g3  { time }
1-0

[Event "Match"]
[Site "www.echecsemail.com"]
[Date "2015.07.20"]
[Round "1"]
[White "Nugun"]
[Black "F14"]
[WhiteElo "1610"]
[BlackElo "1860"]
[Result "0-1"]
[Round "1"]
1.c4 e5
2.Nb1c3 Ng8f6
3.g3 d5
4.Bf1g2 c6
5.b3 Bf8e7
6.d3 Bc8e6
7.e3 O-O
8.a4 Be7b4
9.Bc1b2 d4
10.Ng1e2 dxc3
11.Ne2xc3 Nb8d7
12.O-O Nd7c5
13.d4 exd4
14.exd4 Nc5xb3
15.Qd1xb3 a5
16.Bb2a3 Bb4xa3
17.Qb3xa3 Be6xc4
18.Rf1e1 Qd8xd4
19.h3 h6
20.Ra1d1 Qd4a7
21.Nc3e4 Nf6xe4
22.Bg2xe4 Bc4d5
23.Be4xd5 cxd5
24.Rd1xd5 b6
25.Rd5e5 Qa7d7
26.Re5h5 Rf8e8
27.Qa3f3 Re8xe1
28.Kh2 Ra8e8
29.g4 Qd7d2
30.Kg3 Re1g1
31.Kh4 Qd2d8
{ resign }
0-1

[Event "Match"]
[Site "www.echecsemail.com"]
[Date "2015.07.20"]
[Round "1"]
[White "F14"]
[Black "Wildtiger"]
[WhiteElo "1860"]
[BlackElo "1620"]
[Result "0-1"]
[Round "1"]
1.e4 Nb8c6
2.Ng1f3 e5
3.Bf1b5 a6
4.Bb5a4 Ng8f6
5.O-O Bf8c5
6.h3 Nf6xe4
7.d3 Ne4g3
8.Rf1e1 O-O
9.Bc1e3 Bc5xe3
10.Re1xe3 Ng3f5
11.Re3e1 d6
12.c3 b5
13.Ba4b3 Bc8b7
14.Nb1d2 Qd8f6
15.Nd2e4 Qf6g6
16.Bb3d5 Nf5e7
17.Bd5b3 Kh8
18.d4 Nc6a5
19.d5 Na5xb3
20.axb3 Bb7xd5
21.Qd1e2 Bd5xe4
22.Qe2xe4 Ra8d8
23.Qe4b7 Rd8c8
24.Qb7xa6 c6
25.Qa6b6 Ne7d5
26.Qb6a7 Nd5f4
27.Nf3h4 Qg6g5
28.g3 Nf4xh3
29.Kg2 Nh3f4
30.Kh2 Nf4d3
31.Re1e2 f5
32.Ra1d1 e4
33.Qa7d4 f4
34.Qd4xe4 Nd3c5
35.Qe4g2 fxg3
36.fxg3 Nc5xb3
37.Rd1xd6 Qg5c5
38.Rd6e6 Qc5d5
39.Qg2xd5 cxd5
40.Re6d6 Rc8d8
41.Nh4f5 h6
42.Rd6xd8 Rf8xd8
43.Re2e1 b4
44.Re1d1 bxc3
45.bxc3 Kg8
46.Nf5e7 Kh7
47.Rd1xd5 Rd8xd5
48.Ne7xd5 Nb3d2
49.Kg2 Kg6
50.Kf2 Kf5
51.Ke2 Nd2e4
52.Kf3 g5
53.Nd5e3 Kg6
54.Kxe4 Kf7
55.c4 Ke6
{ resign }
0-1

[Event "Match"]
[Site "www.echecsemail.com"]
[Date "2015.07.20"]
[Round "1"]
[White "Alanocturna"]
[Black "Orae"]
[WhiteElo "1690"]
[BlackElo "1589"]
[Result "0-1"]
[Round "1"]
1.g3 e5
2.Bf1g2 Ng8f6
3.Nb1c3 Bf8c5
4.e3 Nb8c6
5.Ng1e2 a5
6.O-O Nc6b4
7.d4 exd4
8.exd4 Bc5e7
9.Rf1e1 O-O
 { time }
0-1

[Event "Match"]
[Site "www.echecsemail.com"]
[Date "2015.07.20"]
[Round "1"]
[White "Fangshuo"]
[Black "Vinvangogh"]
[WhiteElo "2050"]
[BlackElo "1480"]
[Result "1-0"]
[Round "1"]
1.e4 e5
2.Ng1f3 Bf8d6
3.Bf1c4 Ng8h6
4.d4 c5
5.dxe5 Bd6c7
6.Bc1xh6 gxh6
7.Nb1c3 a6
8.Qd1d2 b5
9.Bc4xf7 Kxf7
10.Qd2xh6 Qd8g8
11.Nc3d5 Qg8g6
12.Nf3g5 Ke8
13.Qh6xg6 hxg6
14.Nd5xc7 Ke7
15.Nc7xa8 Nb8c6
16.f4 d6
17.exd6 Kf6
18.O-O a5
19.Na8b6 Bc8a6
20.Nb6d7 Kg7
21.Nd7xc5 { resign }
1-0

[Event "Match"]
[Site "www.echecsemail.com"]
[Date "2015.07.20"]
[Round "1"]
[White "Crush"]
[Black "Mataa"]
[WhiteElo "1640"]
[BlackElo "1499"]
[Result "1-0"]
[Round "1"]
1.e4 d5
2.Nb1c3 d4
3.Nc3d5 e6
4.Nd5f4 e5
5.Nf4d5 c6
6.Ng1f3 cxd5
7.d3 Nb8c6
8.exd5 Qd8xd5
9.g3 Bf8d6
10.Bf1g2 Bc8g4
11.O-O Ng8f6
12.b3 O-O
13.Bc1b2 h5
14.Qd1d2 Bg4xf3
15.Bg2xf3 Qd5xf3
{ time. }
1-0

[Event "Match"]
[Site "www.echecsemail.com"]
[Date "2015.07.20"]
[Round "1"]
[White "Orae"]
[Black "Chessexpert"]
[WhiteElo "1589"]
[BlackElo "1620"]
[Result "1-0"]
[Round "1"]
1.e4 e5
2.Ng1f3 Nb8c6
3.Bf1c4 Bf8e7
4.Nf3g1 d6
5.Bc4xf7 Kxf7
6.Qd1f3 Ng8f6
7.Qf3b3 Bc8e6
8.Qb3f3 Nc6d4
9.Qf3d1 Rh8f8
10.Nb1c3 Kg8
11.Ng1e2 c5
12.Ne2xd4 cxd4
13.Nc3e2 Nf6xe4
14.f3  { time }
1-0

[Event "Match"]
[Site "www.echecsemail.com"]
[Date "2015.07.20"]
[Round "1"]
[White "F14"]
[Black "Hundegana"]
[WhiteElo "1860"]
[BlackElo "1970"]
[Result "0-1"]
[Round "1"]
1.d4 d6
2.e4 c5
3.Ng1f3 Ng8f6
4.Bf1e2 Nf6xe4
5.O-O g6
6.dxc5 Ne4xc5
7.Qd1d4 e5
8.Be2b5 Nb8c6
9.Qd4d1 a6
10.Bb5e2 Bf8g7
11.Rf1e1 O-O
12.c3 Bc8f5
13.Bc1e3 Nc5e6
14.Nb1d2 b5
15.Nd2b3 Ra8c8
16.Nf3h4 Qd8xh4
17.Qd1xd6 Rf8d8
18.Qd6a3 Rc8a8
19.Nb3c5 Bg7f8
20.b4 Ne6xc5
21.bxc5 Bf8h6
22.Be3xh6 Qh4xh6
23.Ra1d1 Rd8xd1
24.Re1xd1 Qh6g5
25.Qa3b2 Bf5e4
26.f3 Be4f5
27.Rd1d6 Ra8c8
28.Be2d3 Bf5xd3
29.Rd6xd3 Rc8d8
30.Rd3xd8 Qg5xd8
31.h3 Qd8d5
32.Qb2a3 a5
33.Kh2 h5
34.Kh1 Kg7
35.Kh2 e4
36.fxe4 Qd5xe4
37.Qa3b2 Qe4e5
38.Kh1 Qe5xc5
39.c4 f6
40.cxb5 Nc6b8
{ resign }
0-1

[Event "Match"]
[Site "www.echecsemail.com"]
[Date "2015.07.20"]
[Round "1"]
[White "Generalfree"]
[Black "Ketchuplover"]
[WhiteElo "1800"]
[BlackElo "1960"]
[Result "0-1"]
[Round "1"]
1.d4 Ng8f6
2.Ng1f3 c6
3.Bc1g5 h6
4.Bg5xf6 exf6
5.e4 d6
6.h3 g5
7.g4 Bf8g7
8.c3 a5
9.a4 Bc8d7
10.Bf1d3 b5
11.b4 Nb8a6
12.Qd1b3 bxa4
13.Ra1xa4 Na6b8
14.Bd3c4 O-O
15.Nb1d2 c5
16.b5 Qd8b6
17.Bc4d5 Ra8a7
18.Nd2c4 Qb6xb5
19.Qb3xb5 Bd7xb5
20.Ra4xa5 Ra7xa5
21.Nc4xa5 Bb5a6
22.dxc5 dxc5
23.Nf3d2 f5
24.gxf5 Bg7xc3
25.Na5b3 Nb8d7
26.Kd1 Rf8d8
27.Kc2 Bc3xd2
28.Nb3xd2 Nd7f6
29.Bd5c6 Rd8d6
30.Bc6a4 Ba6d3
31.Kc3 Bd3xe4
32.Nd2xe4 Nf6xe4
33.Kc4 Rd6d4
34.Kb5 Rd4b4
35.Ka5 Ne4xf2
36.Rh1h2 Nf2e4
37.Rh2e2 Rb4xa4
38.Kxa4 Ne4c3
39.Kb3 Nc3xe2
{ resign }
0-1

[Event "Match"]
[Site "www.echecsemail.com"]
[Date "2015.07.20"]
[Round "1"]
[White "Pariolinius"]
[Black "Gatoss"]
[WhiteElo "1880"]
[BlackElo "1910"]
[Result "1-0"]
[Round "1"]
1.d4 Ng8f6
2.Ng1f3 e6
3.Nb1c3 Bf8b4
4.e3 Bb4xc3
5.bxc3 d5
6.Bf1d3 Nb8d7
7.Bc1a3 Nf6e4
8.c4 dxc4
9.Bd3xc4 Nd7b6
10.Bc4b3 Ne4c3
11.Qd1d2 Nc3e4
12.Qd2b4 Nb6d5
13.Bb3xd5 exd5
14.O-O Bc8g4
15.Nf3e5 Ne4f6
16.Ne5xg4 Nf6xg4
17.Qb4xb7 Ra8b8
18.Qb7xa7 Rb8a8
19.Qa7c5 h5
20.h3 Ng4f6
21.Qc5c3 Nf6e4
22.Qc3b2 Ra8b8
23.Qb2c1 Ne4c3
24.Qc1d2 Nc3b5
25.Ba3c5 Nb5d6
26.Qd2d3 O-O
27.a4 Rf8e8
28.a5 c6
29.c4 Nd6xc4
30.a6 Rb8a8
31.a7 Qd8f6
32.Qd3e2 g6
33.Ra1b1 Nc4d6
34.Qe2a6 Nd6c8
35.Rb1b7 g5
36.Rb7b8 { resign }
1-0

[Event "Match"]
[Site "www.echecsemail.com"]
[Date "2015.07.20"]
[Round "1"]
[White "Ketchuplover"]
[Black "Drdoom"]
[WhiteElo "1940"]
[BlackElo "1720"]
[Result "1-0"]
[Round "1"]
1.c4 d5
2.cxd5 Qd8xd5
3.Nb1c3 Qd5d8
4.g3 e5
5.Bf1g2 c6
6.b3 Bc8e6
7.Ng1f3 Bf8d6
8.O-O Qd8d7
9.Nc3e4 Bd6c7
10.Ne4c5 Qd7c8
11.Nc5xe6 Qc8xe6
12.Bc1b2 Ng8f6
13.d3 Nb8d7
14.Ra1c1 O-O
15.Qd1c2 h6
16.h3 Rf8e8
17.e4 Ra8c8
18.Rf1e1 a6
19.d4 Bc7b8
20.d5 cxd5
21.Qc2xc8 Re8xc8
22.Rc1xc8 Kh7
23.exd5 Nf6xd5
24.Nf3d4 Qe6b6
25.Bg2e4 g6
26.Be4xd5 { resign }
1-0